000
00241 a2200097 4500
001
4095
100
_a
Kholshchevnikov, K.V
245
_a
Some problems in the theo & assenment of t/j exgines.
260
_a
_b
Pergamon
_c
090
_c
3313
_d
3313
942
_a
NUST-CAE
_c
M
_c
25703
999
_c
239168
_d
239168